|
|
|
|
| LEADER |
00000nam0a2200000 4500 |
| 001 |
14965 |
| 005 |
20231101205002.0 |
| 010 |
|
|
|a 589118012X
|
| 035 |
|
|
|a (RuTPU)RU\TPU\book\15066
|
| 035 |
|
|
|a BOOK00015136
|
| 090 |
|
|
|a 14965
|
| 100 |
|
|
|a 20011209d1997 km y0rusy50 ca
|
| 101 |
0 |
|
|a rus
|
| 102 |
|
|
|a RU
|
| 105 |
|
|
|a y z 000zy
|
| 200 |
1 |
|
|a Геохимия твердого тела
|f В. С. Урусов, В. Л. Таусон, В. В. Акимов
|
| 210 |
|
|
|a Москва
|c Геос
|d 1997
|
| 215 |
|
|
|a 500 с.
|
| 606 |
1 |
|
|a Геохимия
|2 stltpush
|3 (RuTPU)RU\TPU\subj\6296
|9 34219
|
| 606 |
1 |
|
|a Кристаллохимия
|2 stltpush
|3 (RuTPU)RU\TPU\subj\16345
|9 42439
|
| 610 |
1 |
|
|a твердые тела
|
| 610 |
1 |
|
|a кристаллы
|
| 610 |
1 |
|
|a дефекты
|
| 675 |
|
|
|a 550.4
|v 3
|
| 675 |
|
|
|a 548.3
|v 3
|
| 700 |
|
1 |
|a Урусов
|b В. С.
|g Вадим Сергеевич
|
| 701 |
|
1 |
|a Таусон
|b В. Л.
|g Владимир Львович
|
| 701 |
|
1 |
|a Акимов
|b В. В.
|
| 801 |
|
0 |
|a RU
|b 63413507
|c 20011209
|g PSBO
|
| 801 |
|
2 |
|a RU
|b 63413507
|c 20200814
|g PSBO
|
| 942 |
|
|
|c BK
|